Statistiques concernant Quiz FRIENDS

Cliquez ici pour prendre le quiz!

Statistiques générales

  • Ce quiz a été pris 369 fois
  • Le résultat moyen est 6 sur 13

Statistiques - réponses

QuestionsRéponse% Correct
Quel Friend Rachel n'a-t-elle jamais embrassé?Chandler
89%
Combien de soeurs Rachel a-t-elle?2
88%
En combien de catégories différentes sont rangées les serviettes de Monica?11
84%
Quel est le nom de famille de Joey?
Tribbiani
77%
Quelle est la couleur de la porte de Monica?Violette
75%
Que doivent casser Chandler et Joey pour récupérer le poussin qui était coincé dedans?babyfoot
63%
Quel est le nom du père de Ross et Monica?Jack Geller
41%
Quel est le nom de l'ami imaginaire de Joey?Maurice
38%
Qu'offre la mère de Phoebe à sa fille pour la dissuader de porter l'enfant de son frère?un chiot
32%
De quel personnage est fan l'homme qui accouche Phoebe?Fonzie
26%
Quel jeu de société les friends revisitent-ils en "strip poker" lors de leur virée à la maison de la plage?Happy Days
10%
Quelle est le nom de la fille que voyait Joey avant le début de la saison 1?Angela
9%
Dans quelle ville se situe la maison de plage de la mère de Phoebe?Montauk
5%

Distribution des résultats

Percentile par nombre de réponses

% des personnes avec chaque résultat

Votre développement - résultats

Vous n’avez pas pris ce quiz